Terapéutica por el ejercicio
Uloženo v:
| Hlavní autoři: | , |
|---|---|
| Médium: | Kniha |
| Jazyk: | španělština |
| Vydáno: |
Barcelona
Salvat
1970
|
| Témata: | |
| Tagy: |
Přidat tag
Žádné tagy, Buďte první, kdo vytvoří štítek k tomuto záznamu!
|
MARC
| LEADER | 00000nam a2200000 a 4500 | ||
|---|---|---|---|
| 001 | UCY9579 | ||
| 003 | CL-VaPUC | ||
| 008 | 950717e19700000SP |||||||||||||||||spa|d | ||
| 082 | 0 | 4 | |a 615.82 |b LIC |2 21 |
| 100 | 0 | |a Licht, Sidney |e author |9 341953 | |
| 700 | 0 | |a Johnson, Ernest W |e author |9 341954 | |
| 245 | 1 | 0 | |a Terapéutica por el ejercicio |
| 300 | |a 660 p | ||
| 942 | |c BK | ||
| 945 | |d 19950717 00:00:00 |a cmena | ||
| 260 | |a Barcelona |b Salvat |c 1970 | ||
| 650 | 0 | |a Terapia |9 334442 | |
| 650 | 0 | |a Rehabilitación |9 307382 | |
| 650 | 0 | |a Fisioterapia |9 307408 | |
| 650 | 7 | |a EJERCICIO |2 CL-VaPUC |9 310040 | |
| 650 | 0 | |a Atención médica |9 337119 | |
| 583 | |a last modification |c 19950717 00:00:00 |k Rodrigo Vera | ||
| 999 | |c 236655 |d 236653 | ||
| 952 | |0 0 |1 0 |4 0 |6 615_820000000000000_LIC_1970 |7 0 |8 P |9 244896 |a BIBEDU |b BIBEDU |c BIBEDU_PB |d 2019-11-18 |i 1535811 |o 615.82 LIC 1970 |p 1535811 |r 2019-11-18 |w 2019-11-18 |y BK |k EDU | ||